|
|
|
|
| LEADER |
00918nam a2200265 a 4500 |
| 001 |
348736 |
| 008 |
090722s1975 enk 000 1 eng d |
| 010 |
|
|
|a 76353938
|
| 020 |
|
|
|a 0719566568
|
| 020 |
|
|
|a 0719534011
|
| 040 |
|
|
|a DLC
|c DLC
|d DLC
|
| 082 |
0 |
0 |
|a 823
|2 18
|
| 100 |
1 |
|
|a Jhabvala, Ruth Prawer,
|d 1927-
|
| 245 |
1 |
0 |
|a Heat and dust /
|c Ruth Prawer Jhabvala.
|
| 260 |
|
|
|a London :
|b J. Murray,
|c c1975.
|
| 300 |
|
|
|a 181 p. ;
|c 20 cm.
|
| 541 |
1 |
|
|e 00014207
|
| 651 |
|
0 |
|a India
|x History
|y British occupation, 1765-1947
|x Fiction.
|
| 651 |
|
0 |
|a India
|x Kings and rulers
|x Fiction.
|
| 650 |
|
0 |
|a British
|z India
|x Fiction.
|
| 650 |
|
0 |
|a Married women
|x Fiction.
|
| 655 |
|
7 |
|a Historical fiction.
|2 gsafd
|
| 852 |
4 |
|
|a Ayesha Abed Library
|j General shelf.
|
| 999 |
|
|
|c 2705
|d 2705
|
| 952 |
|
|
|0 0
|1 0
|2 ddc
|4 0
|6 823_JHA
|7 0
|9 12063
|a BRACUL
|b BRACUL
|c GEN
|d 2010-09-23
|l 12
|m 67
|o 823 JHA
|p 3010014207
|r 2025-01-19
|s 2024-10-17
|t 1
|w 2010-09-23
|y BK
|